[Event "2. Abierto Hotel Cemar 2015"]
[Site "Mondariz ESP"]
[Date "2015.08.21"]
[Round "7.14"]
[White "Fernandez Lopez, Ruben"]
[Black "Rodriguez Dominguez, Miguel I"]
[Result "0-1"]
[WhiteElo "1795"]
[BlackElo "2017"]
[PlyCount "208"]
[EventDate "2015.08.16"]
[EventType "swiss"]
[EventRounds "9"]
[EventCountry "ESP"]
[Source "lmi"]
[SourceDate "2015.08.16"]

1. e4 c5 2. Nf3 e6 3. d4 cxd4 4. Nxd4 Nf6 5. Nc3 Nc6 6. Ndb5 Bb4 7. a3 Bxc3+ 8.
Nxc3 d5 9. exd5 exd5 10. Bd3 O-O 11. O-O d4 12. Ne2 Bg4 13. f3 Bh5 14. Nf4 Bg6
15. Nxg6 hxg6 16. f4 Nd5 17. Qf3 Qd6 18. Qh3 Rae8 19. Bd2 Ne3 20. Rf3 Qc5 21.
b4 Qb6 22. Qh4 Qd8 23. Qxd8 Nxd8 24. Bxe3 Rxe3 25. Rxe3 dxe3 26. Re1 Re8 27. g3
Kf8 28. Kg2 Ne6 29. Rxe3 Nxf4+ 30. Kf3 Ne6 31. Ke2 Rc8 32. Kd2 Ke7 33. c4 g5
34. Kc3 g6 35. Be4 b6 36. Bd5 Rh8 37. Bxe6 fxe6 38. Re2 Rf8 39. b5 Kd6 40. Kb4
Rf1 41. a4 Rb1+ 42. Kc3 Ra1 43. Kb4 Rb1+ 44. Kc3 Rc1+ 45. Kb4 e5 46. Kb3 Rb1+
47. Kc3 Rc1+ 48. Kb3 Ke6 49. g4 Rg1 50. h3 Rg3+ 51. Kb4 Rxh3 52. a5 Rh1 53.
axb6 axb6 54. Re4 Rb1+ 55. Kc3 Rf1 56. Re3 Rf4 57. Rg3 Kd6 58. Rd3+ Ke6 59. Rg3
Rd4 60. Rh3 Rxg4 61. Rh6 Rd4 62. Rxg6+ Kf5 63. Rxb6 g4 64. c5 g3 65. c6 g2 66.
c7 g1=Q 67. c8=Q+ Ke4 68. Qc6+ Ke3 69. Qh6+ Rf4 70. Rf6 Qa1+ 71. Kc2 Qa4+ 72.
Kc3 Qc4+ 73. Kb2 Qxb5+ 74. Kc3 Qc5+ 75. Kb2 Qd4+ 76. Kb3 Qd5+ 77. Kc3 Qd2+ 78.
Kb3 Qd1+ 79. Kc3 Qe1+ 80. Kb3 Qb4+ 81. Kc2 Qa4+ 82. Kc3 Qd4+ 83. Kc2 Qe4+ 84.
Kc3 Qf3 85. Rxf4 exf4 86. Kc2 Qe4+ 87. Kb2 Qe5+ 88. Kc2 Qc5+ 89. Kb3 Qb5+ 90.
Kc3 Qe5+ 91. Kb3 Qd5+ 92. Kc3 Qd2+ 93. Kb3 Qd1+ 94. Kc3 Qd4+ 95. Kb3 Ke2 96.
Qh2+ Qf2 97. Qh8 Qe3+ 98. Kc4 f3 99. Qb2+ Kf1 100. Qb1+ Qe1 101. Qf5 Qc1+ 102.
Kd4 Qd2+ 103. Kc4 f2 104. Kc5 Qa5+ 0-1

[Event "2. Abierto Hotel Cemar 2015"]
[Site "Mondariz ESP"]
[Date "2015.08.21"]
[Round "7.15"]
[White "Lesteiro Lores, Manuel Raul"]
[Black "Garcia Bugallo, Jose Luis"]
[Result "1/2-1/2"]
[WhiteElo "1940"]
[BlackElo "1815"]
[PlyCount "68"]
[EventDate "2015.08.16"]
[EventType "swiss"]
[EventRounds "9"]
[EventCountry "ESP"]
[Source "lmi"]
[SourceDate "2015.08.16"]

1. d4 f5 2. g3 Nf6 3. Bg2 g6 4. c4 d6 5. Nf3 Bg7 6. Nc3 O-O 7. O-O Nc6 8. d5
Ne5 9. Nxe5 dxe5 10. e4 f4 11. b3 g5 12. f3 Bd7 13. g4 h5 14. h3 hxg4 15. hxg4
Kf7 16. Kf2 Rh8 17. Rh1 Rxh1 18. Qxh1 Qh8 19. Bb2 Qxh1 20. Rxh1 Rh8 21. Rxh8
Bxh8 22. Bf1 a6 23. c5 e6 24. Bc4 Bg7 25. b4 Ke7 26. a4 exd5 27. Nxd5+ Nxd5 28.
Bxd5 c6 29. Bc4 Be6 30. Bxe6 Kxe6 31. Ke2 Bf6 32. Kd3 Bd8 33. Kc4 Bc7 34. b5
Bd8 1/2-1/2

[Event "2. Abierto Hotel Cemar 2015"]
[Site "Mondariz ESP"]
[Date "2015.08.21"]
[Round "7.16"]
[White "Meira Iglesias, Alejandro"]
[Black "Ferreiro Diaz, Miguel"]
[Result "1/2-1/2"]
[WhiteElo "1773"]
[BlackElo "1877"]
[PlyCount "61"]
[EventDate "2015.08.16"]
[EventType "swiss"]
[EventRounds "9"]
[EventCountry "ESP"]
[Source "lmi"]
[SourceDate "2015.08.16"]

1. d4 c5 2. dxc5 e6 3. Be3 Na6 4. Bd4 Nxc5 5. c4 Nf6 6. Nf3 b6 7. e3 Bb7 8. Be2
Be7 9. O-O O-O 10. Nc3 a6 11. Rc1 Rc8 12. Na4 d6 13. b4 Nxa4 14. Qxa4 Nd7 15.
Rfd1 Qe8 16. a3 f5 17. c5 b5 18. Qb3 Bd5 19. Qb2 Qf7 20. cxd6 Bxd6 21. Rxc8
Rxc8 22. Rc1 Re8 23. Ne5 Bxe5 24. Bxe5 Nb6 25. Rc7 Re7 26. Qc3 Rxc7 27. Qxc7
Qxc7 28. Bxc7 Nc4 29. Bxc4 Bxc4 30. Be5 Kf7 31. f4 1/2-1/2

[Event "2. Abierto Hotel Cemar 2015"]
[Site "Mondariz ESP"]
[Date "2015.08.21"]
[Round "7.17"]
[White "Lloveras Hernanz, Jose Antonio"]
[Black "Picazo Gonzalez, Ana"]
[Result "0-1"]
[WhiteElo "1680"]
[BlackElo "1851"]
[PlyCount "74"]
[EventDate "2015.08.16"]
[EventType "swiss"]
[EventRounds "9"]
[EventCountry "ESP"]
[Source "lmi"]
[SourceDate "2015.08.16"]

1. d4 e6 2. c4 d5 3. Nc3 c5 4. Nf3 Nc6 5. cxd5 exd5 6. Bf4 Nf6 7. e3 Be7 8. h3
O-O 9. Be2 c4 10. O-O h6 11. Re1 Bf5 12. a3 Na5 13. Nd2 Qb6 14. Qc1 Rac8 15.
Bf3 Rfd8 16. Bh2 Bf8 17. Bd1 a6 18. Bc2 Qe6 19. Bxf5 Qxf5 20. Qb1 Qd7 21. Qc2
Nc6 22. Rab1 b5 23. Na2 a5 24. Nf3 b4 25. axb4 axb4 26. Qe2 Ne4 27. Ne5 Nxe5
28. Bxe5 Ra8 29. f3 Rxa2 30. fxe4 f6 31. Bf4 c3 32. exd5 Qxd5 33. Qg4 h5 34.
Qg6 Rxb2 35. Rxb2 cxb2 36. Qc2 Ra8 37. Qd3 Ra1 0-1

[Event "2. Abierto Hotel Cemar 2015"]
[Site "Mondariz ESP"]
[Date "2015.08.21"]
[Round "7.18"]
[White "Dominguez Fernandez, Angel I"]
[Black "Gomez Fernandez, Pedro Javier"]
[Result "1-0"]
[WhiteElo "1992"]
[BlackElo "1540"]
[PlyCount "173"]
[EventDate "2015.08.16"]
[EventType "swiss"]
[EventRounds "9"]
[EventCountry "ESP"]
[Source "lmi"]
[SourceDate "2015.08.16"]

1. e4 e6 2. d4 d5 3. Bd3 dxe4 4. Bxe4 Nf6 5. Bf3 c5 6. Ne2 Nc6 7. Be3 cxd4 8.
Nxd4 Bb4+ 9. c3 Nxd4 10. Bxd4 Ba5 11. O-O O-O 12. Nd2 Bb6 13. Be5 Bc7 14. Nc4
Bxe5 15. Nxe5 Qc7 16. Re1 Rd8 17. Qb3 Rb8 18. c4 Nd7 19. Ng4 Nc5 20. Qe3 b6 21.
Rad1 Bb7 22. b4 Bxf3 23. Qxf3 Nb7 24. Rc1 Rd2 25. a3 Rbd8 26. Rc3 a5 27. h4
axb4 28. axb4 R8d4 29. h5 h6 30. Ne5 f6 31. Ng6 Qd7 32. g3 Rb2 33. c5 bxc5 34.
bxc5 Nd8 35. c6 Qc7 36. Rd1 Rxd1+ 37. Qxd1 Rb6 38. Nf4 Rxc6 39. Rxc6 Nxc6 40.
Nxe6 Qe7 41. Qd5 Ne5 42. Qa8+ Kf7 43. Nf4 Qd7 44. Qa2+ Ke7 45. Kh2 Nf3+ 46. Kg2
Ne5 47. Nd5+ Kf8 48. Qa8+ Kf7 49. f4 Nc4 50. Kf3 Nd6 51. Ne3 Qb7+ 52. Qxb7+
Nxb7 53. Ke4 Ke6 54. f5+ Kd6 55. Kd4 Na5 56. Ng2 Nc6+ 57. Ke4 Ne7 58. Nf4 Ng8
59. Ne6 Ke7 60. Nxg7 Kf7 61. Ne6 Ne7 62. Nc5 Ke8 63. Nd3 Kd7 64. Nf2 Kd6 65.
Ng4 Ng8 66. Ne3 Kc5 67. Nd5 Kc4 68. Nc7 Ne7 69. Ne6 Kb5 70. g4 Kc6 71. g5 fxg5
72. f6 Nd5 73. f7 Nf6+ 74. Kf5 Nd7 75. f8=Q Nxf8 76. Nxf8 Kd6 77. Ng6 Kd7 78.
Ne5+ Ke7 79. Kg6 Kf8 80. Ng4 Kg8 81. Nxh6+ Kh8 82. Kxg5 Kg7 83. Nf5+ Kh7 84. h6
Kg8 85. Kg6 Kh8 86. Nd6 Kg8 87. h7+ 1-0

[Event "2. Abierto Hotel Cemar 2015"]
[Site "Mondariz ESP"]
[Date "2015.08.21"]
[Round "7.19"]
[White "Garcia Lafuente, Luis Mario"]
[Black "Bello Filgueira, Joaquin Antonio"]
[Result "0-1"]
[WhiteElo "1492"]
[BlackElo "1831"]
[PlyCount "48"]
[EventDate "2015.08.16"]
[EventType "swiss"]
[EventRounds "9"]
[EventCountry "ESP"]
[Source "lmi"]
[SourceDate "2015.08.16"]

1. d4 Nf6 2. Nf3 e6 3. Bf4 b6 4. Nbd2 Bb7 5. c4 c5 6. e3 Be7 7. Qc2 O-O 8. h4
cxd4 9. exd4 d5 10. b3 Nc6 11. Be3 Rc8 12. Qb1 Bb4 13. Qb2 Ne4 14. Rd1 Qe7 15.
Bd3 f5 16. Bxe4 dxe4 17. Ne5 f4 18. Nxc6 Bxc6 19. d5 fxe3 20. dxc6 Bxd2+ 21.
Rxd2 exd2+ 22. Qxd2 Rcd8 23. Qe2 Qb4+ 24. Kf1 Qd2 0-1

[Event "2. Abierto Hotel Cemar 2015"]
[Site "Mondariz ESP"]
[Date "2015.08.21"]
[Round "7.20"]
[White "Perez Romero, Alfredo"]
[Black "Boo Vallejo, Marcos"]
[Result "0-1"]
[WhiteElo "1806"]
[BlackElo "1771"]
[PlyCount "100"]
[EventDate "2015.08.16"]
[EventType "swiss"]
[EventRounds "9"]
[EventCountry "ESP"]
[Source "lmi"]
[SourceDate "2015.08.16"]

1. e4 e6 2. d4 d5 3. e5 c5 4. c3 Nc6 5. Nf3 Qb6 6. Bd3 Bd7 7. Bc2 cxd4 8. cxd4
Nb4 9. Nc3 Nxc2+ 10. Qxc2 Ne7 11. O-O Nf5 12. Be3 Be7 13. Rac1 Rc8 14. a3 O-O
15. Qd2 h5 16. Rfd1 a5 17. h3 h4 18. Bg5 Bxg5 19. Nxg5 Qd8 20. Ne2 Qe7 21. Nf3
b6 22. Rxc8 Rxc8 23. Rc1 Qd8 24. Rxc8 Bxc8 25. Qc3 Ba6 26. Nf4 Qd7 27. b4 axb4
28. axb4 Bc4 29. Nd2 b5 30. Nf3 Qa7 31. Nd3 Qa2 32. Nc1 Qa4 33. Qd2 Qa1 34. Kh2
Qa3 35. Kg1 Ne7 36. Ne1 Nc6 37. Nc2 Qa4 38. Qc3 Qa7 39. Qe3 Qe7 40. Qd2 f6 41.
f4 fxe5 42. fxe5 Qf7 43. Qf2 Qg6 44. Qd2 Qe4 45. Kh2 Kf8 46. Kg1 Ke8 47. Kh2 g5
48. Kg1 Kd7 49. Qf2 g4 50. hxg4 Qxg4 0-1

[Event "2. Abierto Hotel Cemar 2015"]
[Site "Mondariz ESP"]
[Date "2015.08.22"]
[Round "8.1"]
[White "Gomez Garrido, Camilo Ernesto"]
[Black "Campora, Daniel H"]
[Result "1/2-1/2"]
[WhiteElo "2519"]
[BlackElo "2453"]
[PlyCount "61"]
[EventDate "2015.08.16"]
[EventType "swiss"]
[EventRounds "9"]
[EventCountry "ESP"]
[Source "lmi"]
[SourceDate "2015.08.16"]

1. d4 Nf6 2. c4 e6 3. g3 d5 4. Bg2 Be7 5. Nf3 O-O 6. O-O dxc4 7. Qa4 a6 8. Qxc4
b5 9. Qc2 Bb7 10. Bd2 Be4 11. Qc1 Qc8 12. Bg5 h6 13. Bxf6 Bxf6 14. Nbd2 Bb7 15.
Rd1 Nd7 16. Nb3 Bd5 17. Qc2 Be7 18. Rac1 Ra7 19. Ne1 Bxb3 20. Qxb3 c5 21. dxc5
Nxc5 22. Qc2 Qb8 23. Nd3 Nxd3 24. Qxd3 Rd8 25. Qc2 Rxd1+ 26. Qxd1 Rc7 27. Rxc7
Qxc7 28. a3 b4 29. Be4 a5 30. Qc2 Qxc2 31. Bxc2 1/2-1/2

[Event "2. Abierto Hotel Cemar 2015"]
[Site "Mondariz ESP"]
[Date "2015.08.22"]
[Round "8.2"]
[White "Sande Edreira, Jose Antonio"]
[Black "Oratovsky, Michael"]
[Result "0-1"]
[WhiteElo "2244"]
[BlackElo "2495"]
[PlyCount "62"]
[EventDate "2015.08.16"]
[EventType "swiss"]
[EventRounds "9"]
[EventCountry "ESP"]
[Source "lmi"]
[SourceDate "2015.08.16"]

1. c4 e5 2. g3 Nf6 3. Bg2 c6 4. a3 Be7 5. Nc3 d5 6. cxd5 cxd5 7. Qb3 Nc6 8.
Nxd5 Nd4 9. Nxf6+ Bxf6 10. Qd3 Bf5 11. Be4 Bxe4 12. Qxe4 Rc8 13. Rb1 Rc4 14.
Qxb7 Rc7 15. Qa6 Qd5 16. Nf3 Qe4 17. Qd3 Qxd3 18. exd3 Nxf3+ 19. Kd1 O-O 20. b4
Rd8 21. Ke2 Nd4+ 22. Kd1 Rcd7 23. Re1 Nf3 24. Re3 Nxh2 25. Ke2 Ng4 26. Re4 h5
27. Rb3 Nh6 28. Bb2 Nf5 29. b5 Nd4+ 30. Bxd4 exd4 31. a4 Kh7 0-1

[Event "2. Abierto Hotel Cemar 2015"]
[Site "Mondariz ESP"]
[Date "2015.08.22"]
[Round "8.3"]
[White "Rodriguez Lopez, Rafael"]
[Black "Panelo, Marcelo"]
[Result "1-0"]
[WhiteElo "2255"]
[BlackElo "2418"]
[PlyCount "93"]
[EventDate "2015.08.16"]
[EventType "swiss"]
[EventRounds "9"]
[EventCountry "ESP"]
[Source "lmi"]
[SourceDate "2015.08.16"]

1. e4 c5 2. Nf3 Nc6 3. d4 cxd4 4. Nxd4 Nf6 5. Nc3 d6 6. Bc4 e5 7. Nf3 h6 8. O-O
Be6 9. Bb3 Be7 10. h3 O-O 11. Be3 a6 12. Qe2 Na5 13. Rfd1 Qc7 14. Nd5 Nxd5 15.
Bxd5 Nc4 16. c3 Rac8 17. Rd3 b5 18. a4 Nb6 19. axb5 Nxd5 20. exd5 e4 21. dxe6
exd3 22. exf7+ Rxf7 23. Qxd3 axb5 24. Qxb5 Rb8 25. Qd5 Qb7 26. Qxb7 Rxb7 27. b4
Rf8 28. Bd4 Rc8 29. Nd2 Kf7 30. Ne4 Rc6 31. Kf1 Rcc7 32. Ra6 Rd7 33. Ke2 d5 34.
Nc5 Ra7 35. Nxd7 Rxa6 36. Nb6 Ke6 37. b5 Ra2+ 38. Kd3 Bf6 39. Bxf6 gxf6 40. Kd4
Rxf2 41. Kc5 Rd2 42. Kc6 f5 43. Na4 Rxg2 44. b6 Ke5 45. b7 Rg6+ 46. Kc5 Rg8 47.
Nb6 1-0

[Event "2. Abierto Hotel Cemar 2015"]
[Site "Mondariz ESP"]
[Date "2015.08.22"]
[Round "8.4"]
[White "Laliena Solanes, Luis"]
[Black "Del Rey, Diego"]
[Result "1/2-1/2"]
[WhiteElo "2207"]
[BlackElo "2394"]
[PlyCount "90"]
[EventDate "2015.08.16"]
[EventType "swiss"]
[EventRounds "9"]
[EventCountry "ESP"]
[Source "lmi"]
[SourceDate "2015.08.16"]

1. e4 g6 2. d4 c5 3. d5 Bg7 4. Nc3 d6 5. Bb5+ Nd7 6. a4 Ngf6 7. Nf3 O-O 8. h3
a6 9. Bc4 Ne5 10. Nxe5 dxe5 11. O-O Ne8 12. a5 Nd6 13. Qe2 Bd7 14. Bd2 Qc7 15.
b3 f5 16. f3 Kh8 17. Kh2 Rae8 18. Rfb1 fxe4 19. fxe4 Rf4 20. g3 Rf7 21. Rf1
Rxf1 22. Qxf1 Rf8 23. Qg2 Bb5 24. Nxb5 axb5 25. Be2 c4 26. b4 e6 27. Rf1 Rxf1
28. Bxf1 exd5 29. exd5 h5 30. Be3 Nf5 31. Bc5 h4 32. gxh4 e4+ 33. Kg1 Qe5 34.
d6 Nxh4 35. d7 Bf6 36. Qf2 Nf3+ 37. Kh1 Qd5 38. Qe3 Kh7 39. Qf4 Qd1 40. Kg2
Qxc2+ 41. Bf2 Nh4+ 42. Kg1 Nf3+ 43. Kg2 Nh4+ 44. Kg1 Nf3+ 45. Kg2 Nh4+ 1/2-1/2

[Event "2. Abierto Hotel Cemar 2015"]
[Site "Mondariz ESP"]
[Date "2015.08.22"]
[Round "8.5"]
[White "Garcia Sobrino, David"]
[Black "Ramiro Ovejero, Juan Luis"]
[Result "0-1"]
[WhiteElo "2026"]
[BlackElo "2343"]
[PlyCount "52"]
[EventDate "2015.08.16"]
[EventType "swiss"]
[EventRounds "9"]
[EventCountry "ESP"]
[Source "lmi"]
[SourceDate "2015.08.16"]

1. e4 c6 2. Nc3 d5 3. Nf3 Bg4 4. d4 Nf6 5. h3 Bxf3 6. gxf3 e6 7. Qd3 Nbd7 8.
Rg1 g6 9. Bg5 Qa5 10. O-O-O Bb4 11. Kb1 h6 12. Bd2 O-O-O 13. a3 Bxc3 14. Bxc3
Qc7 15. Qe3 Nh5 16. Bb4 Kb8 17. c4 c5 18. Bc3 e5 19. cxd5 exd4 20. Bxd4 cxd4
21. Rxd4 Qh2 22. Rg2 Qf4 23. Qc3 Rc8 24. Bc4 Ne5 25. d6 Rhd8 26. Qb4 Nc6 0-1

[Event "2. Abierto Hotel Cemar 2015"]
[Site "Mondariz ESP"]
[Date "2015.08.22"]
[Round "8.6"]
[White "Adams, Philip"]
[Black "Espiñeira Gonzalez, Diego"]
[Result "0-1"]
[WhiteElo "2015"]
[BlackElo "2380"]
[PlyCount "78"]
[EventDate "2015.08.16"]
[EventType "swiss"]
[EventRounds "9"]
[EventCountry "ESP"]
[Source "lmi"]
[SourceDate "2015.08.16"]

1. d4 g6 2. e4 Bg7 3. Nf3 c6 4. c3 d6 5. h3 Nd7 6. Bd3 e5 7. O-O Ngf6 8. Re1
O-O 9. Nbd2 Qc7 10. Nf1 Re8 11. Ng3 b6 12. Bg5 h6 13. Be3 Nf8 14. Qd2 Kh7 15.
Rad1 Be6 16. Bb1 Rad8 17. Qc1 Bc8 18. b3 Re7 19. c4 Bb7 20. Re2 c5 21. d5 Bc8
22. Rf1 b5 23. cxb5 a6 24. b6 Qxb6 25. Nd2 Bd7 26. Nc4 Qb8 27. f4 exf4 28. Bxf4
Bb5 29. Ref2 Bxc4 30. bxc4 N6d7 31. e5 Bxe5 32. Bxe5 Nxe5 33. Nf5 gxf5 34. Rxf5
Nfg6 35. Rh5 Rh8 36. Rxh6+ Kg7 37. Rxh8 Qxh8 38. Qg5 Qh4 39. Qf5 Nxc4 0-1

[Event "2. Abierto Hotel Cemar 2015"]
[Site "Mondariz ESP"]
[Date "2015.08.22"]
[Round "8.7"]
[White "Maquieira Vidal, Alvaro"]
[Black "De Prado Rodriguez, Oscar Bruno"]
[Result "1/2-1/2"]
[WhiteElo "1832"]
[BlackElo "2237"]
[PlyCount "108"]
[EventDate "2015.08.16"]
[EventType "swiss"]
[EventRounds "9"]
[EventCountry "ESP"]
[Source "lmi"]
[SourceDate "2015.08.16"]

1. e4 d5 2. exd5 Qxd5 3. Nc3 Qd6 4. d4 Nf6 5. Nf3 g6 6. Nb5 Qb6 7. c4 c6 8. c5
Qd8 9. Nc3 Bg7 10. h3 O-O 11. Bc4 b5 12. Bb3 b4 13. Ne2 Nd5 14. O-O Na6 15. Nf4
Nac7 16. Bc4 a5 17. a3 Ba6 18. Bxa6 Nxa6 19. Re1 bxa3 20. Nxd5 Qxd5 21. Rxa3 e6
22. Rxa5 Nc7 23. Rxa8 Rxa8 24. Be3 Nb5 25. Qc1 Nxd4 26. Nxd4 Bxd4 27. Bxd4 Qxd4
28. Rd1 Qe4 29. Qc3 Qf5 30. b4 e5 31. Qd3 Qf4 32. Qd2 Qxd2 33. Rxd2 Ra1+ 34.
Kh2 Rb1 35. Rd6 Rxb4 36. Rxc6 Rc4 37. g3 Kg7 38. h4 f5 39. Kg2 e4 40. Rc7+ Kh6
41. c6 Rc2 42. Kf1 Kh5 43. Rxh7+ Kg4 44. Ra7 Rxc6 45. Ke2 Rc2+ 46. Ke3 Rc3+ 47.
Ke2 Rc6 48. Ra5 Rb6 49. Rc5 Kh3 50. h5 Kg4 51. hxg6 Rxg6 52. Rc8 Kh3 53. Rf8
Rg5 54. Ke3 Kg4 1/2-1/2

[Event "2. Abierto Hotel Cemar 2015"]
[Site "Mondariz ESP"]
[Date "2015.08.22"]
[Round "8.8"]
[White "Lorenzo Duran, Marcos"]
[Black "De Sousa Da Silva, Armando"]
[Result "1/2-1/2"]
[WhiteElo "2160"]
[BlackElo "1958"]
[PlyCount "123"]
[EventDate "2015.08.16"]
[EventType "swiss"]
[EventRounds "9"]
[EventCountry "ESP"]
[Source "lmi"]
[SourceDate "2015.08.16"]

1. Nf3 Nf6 2. c4 c5 3. Nc3 Nc6 4. d4 cxd4 5. Nxd4 g6 6. g3 Bg7 7. Bg2 O-O 8.
O-O Nxd4 9. Qxd4 d6 10. Qd3 Qa5 11. h3 Qh5 12. g4 Qa5 13. Bd2 Qc7 14. Rac1 Be6
15. b3 Nd7 16. Nd5 Qd8 17. Bc3 Nc5 18. Qe3 a5 19. Bxg7 Kxg7 20. a3 Bxd5 21.
Bxd5 Rb8 22. b4 axb4 23. axb4 Na6 24. Rfd1 b6 25. Ra1 Nc7 26. Ra7 Nxd5 27. cxd5
Re8 28. Rc1 Ra8 29. Qd4+ Kg8 30. Rac7 b5 31. Qb6 e6 32. Qxb5 exd5 33. Qxd5 Qf6
34. g5 Qe6 35. Qxe6 Rxe6 36. e3 Re5 37. h4 Rb5 38. R1c4 Rab8 39. Rf4 Rxb4 40.
Rfxf7 Rxh4 41. Rg7+ Kh8 42. Kf1 Rh5 43. Ke2 Rxg5 44. Rxh7+ Kg8 45. Rcg7+ Kf8
46. Rd7 Kg8 47. Rhg7+ Kf8 48. Rgf7+ Kg8 49. Rg7+ Kf8 50. Rdf7+ Ke8 51. Rf6 Rb2+
52. Kd3 Rf5 53. Rxd6 Rfxf2 54. Rdxg6 Rb3+ 55. Kd4 Rd2+ 56. Ke4 Re2 57. Rg3 Kf8
58. Ra7 Re1 59. Kd4 Rd1+ 60. Kc4 Rdd3 61. Rf3+ Kg8 62. Rff7 1/2-1/2

[Event "2. Abierto Hotel Cemar 2015"]
[Site "Mondariz ESP"]
[Date "2015.08.22"]
[Round "8.9"]
[White "Buitron Ramil, David"]
[Black "Campos Calvo-sotelo, Javier"]
[Result "0-1"]
[WhiteElo "1641"]
[BlackElo "2087"]
[PlyCount "64"]
[EventDate "2015.08.16"]
[EventType "swiss"]
[EventRounds "9"]
[EventCountry "ESP"]
[Source "lmi"]
[SourceDate "2015.08.16"]

1. e4 e5 2. Nf3 Nc6 3. Bc4 Be7 4. O-O Nf6 5. d3 d6 6. Bg5 h6 7. Bxf6 Bxf6 8. c3
O-O 9. Nbd2 Na5 10. b4 Nxc4 11. Nxc4 Bg4 12. Ne3 Bh5 13. Nf5 d5 14. Ng3 Bg6 15.
c4 c6 16. Qb3 h5 17. Rfe1 h4 18. Nf1 h3 19. Ng3 hxg2 20. Kxg2 Re8 21. Rh1 Qd7
22. cxd5 cxd5 23. Rae1 Rad8 24. h4 Re6 25. Qa3 Ra6 26. Qc1 Rxa2 27. h5 Rc8 28.
Qd1 Rcc2 29. Ref1 Bh7 30. h6 dxe4 31. dxe4 Qxd1 32. Rxd1 Rxf2+ 0-1

[Event "2. Abierto Hotel Cemar 2015"]
[Site "Mondariz ESP"]
[Date "2015.08.22"]
[Round "8.10"]
[White "Belsley, Alexandre"]
[Black "Galvez Perez, Jose Luis"]
[Result "1-0"]
[WhiteElo "2026"]
[BlackElo "1906"]
[PlyCount "67"]
[EventDate "2015.08.16"]
[EventType "swiss"]
[EventRounds "9"]
[EventCountry "ESP"]
[Source "lmi"]
[SourceDate "2015.08.16"]

1. d4 g6 2. c4 Bg7 3. e4 c5 4. d5 d6 5. Nc3 e6 6. Nf3 Ne7 7. Bd3 exd5 8. exd5
O-O 9. O-O Bg4 10. Bf4 Na6 11. a3 Nc7 12. h3 Bxf3 13. Qxf3 Qd7 14. a4 Rad8 15.
Rfe1 h6 16. Qe3 Rfe8 17. Qg3 g5 18. Bd2 Nf5 19. Qg4 Nd4 20. Qxd7 Rxd7 21. Rxe8+
Nxe8 22. Re1 Be5 23. Nb5 Ng7 24. Nxa7 Nh5 25. Nb5 Nxb5 26. axb5 b6 27. Ra1 Nf4
28. Bf1 Bxb2 29. Ra8+ Kg7 30. Rb8 Ra7 31. Rxb6 Ra2 32. Ra6 Ba3 33. Bc1 Ra1 34.
Bb2+ 1-0

[Event "2. Abierto Hotel Cemar 2015"]
[Site "Mondariz ESP"]
[Date "2015.08.22"]
[Round "8.11"]
[White "Torcal Miguel, Oscar"]
[Black "Rodriguez Dominguez, Miguel I"]
[Result "1/2-1/2"]
[WhiteElo "1969"]
[BlackElo "2017"]
[PlyCount "105"]
[EventDate "2015.08.16"]
[EventType "swiss"]
[EventRounds "9"]
[EventCountry "ESP"]
[Source "lmi"]
[SourceDate "2015.08.16"]

1. e4 c5 2. Nf3 e6 3. d3 b5 4. g3 Bb7 5. Bg2 d6 6. O-O Nd7 7. Bf4 Ngf6 8. Nbd2
Be7 9. Re1 e5 10. Bg5 h6 11. Bxf6 Bxf6 12. a4 a6 13. Nf1 O-O 14. Ne3 Qc7 15. h4
Bc6 16. a5 Rfd8 17. Nh2 g6 18. Bh3 Nf8 19. Qf3 Bg7 20. h5 Qb7 21. Neg4 f5 22.
Ne3 fxe4 23. dxe4 Bxe4 24. Qg4 d5 25. hxg6 Bxg6 26. Nf3 Qf7 27. Nh4 d4 28. Nef5
Kh7 29. Bg2 Ra7 30. Nxg6 Qxg6 31. Qxg6+ Nxg6 32. Be4 Kg8 33. Nxd4 exd4 34. Bxg6
d3 35. Bxd3 Bxb2 36. Ra2 Bc3 37. Re6 c4 38. Bf5 Bg7 39. Rc6 Kf8 40. Bc8 c3 41.
Bxa6 Rda8 42. Rc8+ Rxc8 43. Bxc8 Bd4 44. Bf5 Rf7 45. g4 h5 46. a6 hxg4 47. Bxg4
Rxf2 48. Kh1 Ba7 49. Be6 b4 50. Bb3 Ke7 51. Ra5 Rf6 52. Bc4 Rc6 53. Bb3 1/2-1/2

[Event "2. Abierto Hotel Cemar 2015"]
[Site "Mondariz ESP"]
[Date "2015.08.22"]
[Round "8.12"]
[White "Picazo Gonzalez, Ana"]
[Black "Campos Calvo-sotelo, Juan"]
[Result "1-0"]
[WhiteElo "1851"]
[BlackElo "1956"]
[PlyCount "87"]
[EventDate "2015.08.16"]
[EventType "swiss"]
[EventRounds "9"]
[EventCountry "ESP"]
[Source "lmi"]
[SourceDate "2015.08.16"]

1. d4 b5 2. e4 a6 3. Bd3 e6 4. Nf3 c5 5. c3 Bb7 6. O-O Nf6 7. Re1 Be7 8. e5 Nd5
9. dxc5 Bxc5 10. Nbd2 Nc6 11. Ne4 Be7 12. a4 Qb8 13. Bg5 f6 14. exf6 gxf6 15.
Bh6 Rg8 16. Nfd2 Ne5 17. Qh5+ Kd8 18. Bf1 f5 19. Ng5 Nf4 20. Nf7+ Nxf7 21. Qxf7
Nh3+ 22. Kh1 Nxf2+ 23. Kg1 Nh3+ 24. Kh1 Rg6 25. Qxh7 Rg4 26. Be3 Rh4 27. Bb6+
Ke8 28. Qg8+ Bf8 29. Qg6+ Ke7 30. Bc5+ Kd8 31. Qf6+ Kc7 32. Qxh4 Bxc5 33. Qxh3
Bd6 34. axb5 axb5 35. Rxa8 Qxa8 36. Bxb5 Qa7 37. Qe3 Bxg2+ 38. Kxg2 Qb7+ 39.
Nf3 Qxb5 40. Qe2 Qa4 41. Nd4 Qa8+ 42. Qf3 Qg8+ 43. Kh1 Bc5 44. Qg3+ 1-0

[Event "2. Abierto Hotel Cemar 2015"]
[Site "Mondariz ESP"]
[Date "2015.08.22"]
[Round "8.13"]
[White "Bello Filgueira, Joaquin Antonio"]
[Black "Asensio Liñan, Teodoro"]
[Result "0-1"]
[WhiteElo "1831"]
[BlackElo "2156"]
[PlyCount "31"]
[EventDate "2015.08.16"]
[EventType "swiss"]
[EventRounds "9"]
[EventCountry "ESP"]
[Source "lmi"]
[SourceDate "2015.08.16"]

1. e4 e6 2. d4 d5 3. Bd3 c5 4. exd5 exd5 5. dxc5 Bxc5 6. Nf3 Ne7 7. O-O O-O 8.
Nbd2 Nbc6 9. Nb3 Bb6 10. c3 Nf5 11. Qc2 g6 12. Bg5 Qd6 13. g3 Nxg3 14. Kg2 Nxf1
15. Rxf1 Qe6 16. Qe2 0-1

[Event "2. Abierto Hotel Cemar 2015"]
[Site "Mondariz ESP"]
[Date "2015.08.22"]
[Round "8.14"]
[White "Garcia Bugallo, Jose Luis"]
[Black "Tallarico Tallarico, Ovidio Mario"]
[Result "1/2-1/2"]
[WhiteElo "1815"]
[BlackElo "2114"]
[PlyCount "105"]
[EventDate "2015.08.16"]
[EventType "swiss"]
[EventRounds "9"]
[EventCountry "ESP"]
[Source "lmi"]
[SourceDate "2015.08.16"]

1. e4 c5 2. Nf3 g6 3. Bc4 Bg7 4. d4 cxd4 5. Nxd4 Nc6 6. Nxc6 bxc6 7. O-O d6 8.
Nc3 Nf6 9. h3 O-O 10. Rb1 e6 11. Bg5 h6 12. Bh4 g5 13. Bg3 d5 14. exd5 cxd5 15.
Bd3 Qb6 16. Qe2 Bd7 17. Kh1 d4 18. Ne4 Nxe4 19. Bxe4 Bb5 20. Bd3 Bxd3 21. Qxd3
e5 22. h4 f5 23. hxg5 hxg5 24. f3 Qe6 25. Rfe1 Rae8 26. Qb3 Kh7 27. Kg1 e4 28.
fxe4 fxe4 29. Rf1 d3 30. cxd3 Bd4+ 31. Kh1 Qh6+ 32. Bh2 Be5 33. g3 Bxg3 34. Qc2
Qxh2+ 35. Qxh2+ Bxh2 36. Kxh2 Rxf1 37. Rxf1 exd3 38. Rf7+ Kg6 39. Rd7 Re2+ 40.
Kg3 Rxb2 41. a4 Rb3 42. Kf2 g4 43. Ke3 Ra3 44. Rxa7 g3 45. Rb7 Rxa4 46. Kxd3
Rf4 47. Rb8 Kf5 48. Ke3 Rg4 49. Rb5+ Kg6 50. Rb1 Kh5 51. Kf3 Kh4 52. Rh1+ Kg5
53. Rg1 1/2-1/2